| 000 | 02015nam a2200469 c 4500 | ||
|---|---|---|---|
| 003 | BLK | ||
| 005 | 20250318141701.0 | ||
| 008 | 180411b bul|||||r ||||||| ||bul|| | ||
| 010 | _aKNG00213888000 | ||
| 020 |
_a978-619-153-169-1 _bиздат.: Паритет |
||
| 040 | _aBLK | ||
| 041 |
_aBUL _cBUL |
||
| 072 | 7 |
_2bullib _aН61 _xМедицина Н |
|
| 072 | 7 |
_2bullib _aЛ0101 _xБилколечение. Природолечение. Народна медицина |
|
| 080 |
_aМедицина _b61 _x(031) _z61(031) |
||
| 100 | 1 |
_aЯкубсон, Мария _eпърви автор _9145322 |
|
| 700 | 1 |
_aДимитров, Васил _e* _9363930 |
|
| 700 | 1 |
_aДокова, Антоанета _e* _9386459 |
|
| 700 | 1 |
_aАнтонова, Мария _e* _9386460 |
|
| 139 |
_aДомашна медицинска енциклопедия _bД 76 |
||
| 245 | 1 | 0 |
_aДомашна медицинска енциклопедия _bСимптоми и лечение на най-разпространените заболявания _cМария Якубсон; * Васил Димитров; * Антоанета Докова; * Мария Антонова. |
| 257 | _aBGR | ||
| 260 |
_аСофия _bПаритет _c2017 |
||
| 300 |
_a232 с. _c21 см |
||
| 380 | _a61 | ||
| 650 | 4 |
_aМедицина - енциклопедии и справочници _9242741 |
|
| 650 | 4 |
_aБолести - диагностика и лечение - енциклопедии _9262433 |
|
| 653 | _aмедицина | ||
| 653 | _aздраве | ||
| 653 | _aенциклопедии | ||
| 653 | _aсамолечение | ||
| 653 | _aнетрадиционна медицина | ||
| 653 | _aнетрадиционни терапии | ||
| 659 | _aЛ | ||
| 659 | _aН | ||
| 852 | _aЦб 287928 | ||
| 856 | 4 |
_qpdf _u |
|
| 856 | 4 |
_qpdf _u |
|
| 942 |
_cKNG _n0 _012 |
||
| 944 |
_aCR _c30.10.2017 _lЦветомила Тодорова _k30576 |
||
| 944 |
_aED _c09.11.2017 _lф / _kИрена_Линкова |
||
| 999 |
_c204330 _d204330 |
||